| 000 | 01802nam a2200409 a 4500 | ||
|---|---|---|---|
| 001 | ebr10509441 | ||
| 003 | CaPaEBR | ||
| 006 | m u | ||
| 007 | cr cn||||||||| | ||
| 008 | 790102s1977 ne sb 001 0 lat d | ||
| 010 | _z 78382004 | ||
| 020 | _z9027208913 | ||
| 020 | _z9027209553 | ||
| 020 | _z9789027209559 | ||
| 020 | _z9789027281425 (e-book) | ||
| 040 |
_aCaPaEBR _cCaPaEBR |
||
| 035 | _a(OCoLC)769188762 | ||
| 041 | 0 |
_alat _aeng |
|
| 050 | 1 | 4 |
_aP156 _b.S5 1977eb |
| 082 | 0 | 4 |
_a415 _219 |
| 100 | 0 |
_aSiger, _cde Courtrai, _dd. 1341. |
|
| 245 | 1 | 0 |
_aSumma modorum significandi _h[electronic resource] : _bSophismata / _cSigerus de Cortraco. |
| 250 |
_aNew ed., on the basis of G. Wallerand's editio prima / _bwith additions, critical notes, and index of terms and an introduction by Jan Pinborg. |
||
| 260 |
_aAmsterdam : _bJ. Benjamins, _cc1977. |
||
| 300 | _axli, 108 p. | ||
| 490 | 1 |
_aAmsterdam studies in the theory and history of linguistic science. Series III, Studies in the history of linguistics ; _vv. 14 |
|
| 504 | _aIncludes bibliographical references and index. | ||
| 533 |
_aElectronic reproduction. _bPalo Alto, Calif. : _cebrary, _d2013. _nAvailable via World Wide Web. _nAccess may be limited to ebrary affiliated libraries. |
||
| 650 | 0 | _aSpeculative grammar. | |
| 655 | 7 |
_aElectronic books. _2local |
|
| 700 | 1 |
_aWallerand, Gaston, _db. 1884. |
|
| 700 | 1 | _aPinborg, Jan. | |
| 700 | 0 | 2 |
_aSiger, _cde Courtrai, _dd. 1341. _tSophismata. c1977. |
| 710 | 2 | _aebrary, Inc. | |
| 830 | 0 |
_aAmsterdam studies in the theory and history of linguistic science. _nSeries III, _pStudies in the history of linguistics ; _vv. 14. |
|
| 856 | 4 | 0 |
_uhttp://site.ebrary.com/lib/rucke/Doc?id=10509441 _zAn electronic book accessible through the World Wide Web; click to view |
| 999 |
_c116346 _d116346 |
||